MDQL
is popping MORE tags! Check the
thread
!
Quizzes
Events
Quiz Creation
Community
Videos
Private Events
Remove Ads
Sign In
Join for FREE
Feedback
Dark Mode
Quiz Categories
Sports
Geography
Music
Movies
Television
Just For Fun
Miscellaneous
History
Literature
Language
Science
Gaming
Entertainment
Religion
Holiday
For Kids
Quiz Lab
Recent
Popular Today
Quiz Kudos Today
Editor Picks
Curator Picks
Quizzes by...
Day
Popularity
Type
Ratings
Length
Year
Community
Subscriptions
Recent Discussions
Orange Saloon
Badges
Playlists
Quests
Create
Leaderboards
Showdown
Live 5
Trivia Bingo
Activity
Puzzle Library
Sporcle Events
Private Events
Virtual Trivia
Globe League
Become a Host
Pub Owners
SporcleCon
Opinionation
Our Games
Videos
Blog
Mobile Apps
Partnerships
Remove Ads and Go Orange
Feedback
Television
TV Characters
TV Show
Sitcom
Network
Friends
Reality Shows
Cast
South Park
Star Trek
The Simpsons
Doctor Who
Television
TV Characters
TV Show
Sitcom
Network
Friends
Reality Shows
Cast
South Park
Star Trek
The Simpsons
Doctor Who
Random Quiz
Search Sporcle
×
Quiz Lab
Quiz Lab
Television
Here
Type in answers that appear in a list
Type in answers that appear in a list
Classic
Best Score? Go Orange.
Hogan’s Heroes 1st names Stats
Can you name the 1st name of characters on Hogan’s Heroes ?
By
slipkid
4m
14 Questions
236 Plays
236 Plays
236 Plays
Comments
Comments
Give Quiz Kudos
Give Quiz Kudos
-
- Ratings
hide this ad
More Info
Replay
Link that replays current quiz
Next Quiz
Link to next quiz in quiz playlist
You Got
0%
They Got
Avg Score
61%
Avg Friend Score
Upgrade to see
Score Distribution
Jump to the score distribution portion of the page
Score
0/14
Timer
04:00
0
Plays Today
Character
First name
% Correct
Colonel Hogan
Robert
94.5%
Colonel Klink
Wilhelm
93.6%
Sergeant Schultz
Hans
83.5%
Klink’s secretary
Helga
78.8%
Corporal LeBeau
Louis
75.8%
Sergeant Kinchloe
James
75.4%
Sergeant Carter
Andrew
74.2%
Character
First name
% Correct
Corporal Newkirk
Peter
67.8%
Frau (Burkhalter) Linkmeyer
Gertrude
49.2%
General Burkhalter
Albert
46.6%
Major Hochstetter
Wolfgang
46.2%
Captain Gruber
Fritz
31.8%
Colonel Crittendon
Rodney
25%
Corporal Langenscheidt
Karl
18.2%
Quiz Playlist
Details
Report
Send in Message
Add To Playlist
More Info:
If you can't get any then you should be saying, "I KNOW NOTHING...NOTHING!"
Classic:
Type in answers that appear in a list
Last Updated: Feb 16, 2017
Quiz Scoreboard
CHALLENGE
Sign Up to Join the Scoreboard
Show All
Scores
Hide
Comments
May contain spoilers
Recently Published
1-10 Letter E Words III
by El_Dandy
Language
2m
Street Fighter Characters
by Artimus82
Gaming
60s
College Basketball Coaching Resumes
by pancakes188
Sports
9m
More to Explore
Quiz From the Vault
Featured Blog Post
Where Did the Easter Bunny Come From?
hide this ad
You Might Also Like...
Tags
Character
Here
hogan
Today's Top Quizzes in Television
Browse Television
hide this ad
Today's Top Quizzes in Here
Browse Here
Top Contributed Quizzes in Television
1
Survivor Journey Challenge
2
Adjectives in 80s TV Shows
3
Adjectives in 00s TV Shows
4
5-to-1: The Simpsons Families
5
5-to-1: Television Doctors
6
Adjectives in 10s TV Shows
7
7-to-1: TV Show Settings
8
Adjectives in 70s TV Shows
9
5-to-1: Streaming Originals
10
Survivor Seasons
Explore More
Trending Topics
NBA
Anime
Crossword
Disney
Kpop
Marvel
Harry Potter
Song
WWE
Country
Puzzle
NFL
Soccer
The Office
Pokémon
hide this ad
More By:
slipkid
Quiz
Plays
Rating
Category
Featured
Created
Simple Math Minefield
866,749
4.20
Science
Oct 6, 2011
Fifty Famous Figures
377,735
4.51
History
Jan 25, 2013
Rhymes with 'Jump'
304,212
4.39
Language
May 26, 2013
Rhymes with 'Sound'
292,060
4.71
Language
Oct 31, 2011
Harry, Hunger or Twilight?
283,846
4.42
Literature
Oct 30, 2011
Go to Creator's Profile
Score Distribution
Quiz Creator Spotlight
slipkid
Follow
Send a Message
Quizzes Created
-
Created Quiz Play Count
-
More By This Creator
Popular Quizzes Today
1
Find the US States - No Outlines Minefield
2
Find the Countries of Europe - No Outlines Minefield
3
The Countries of the World
4
Find the US States
5
Risky Map Clicking: Biggest States A-Z
6
US States
7
Popular People in 1961
8
Movies - When Are They Set?
More Television Quizzes
Find the Seinfeld Vehicles
Editor's Pick
Trending Quizzes
Risky Map Clicking: Least Populous States A-Z
1-10 Letter G Words
1-10 Letter F Words
Countries of the World: 200 Million BC
Risky Map Clicking: Next State Alphabetically
Recently Updated
Beyoncé Albums
pecheneg
Leaping Animals
pecheneg
Reality TV Shows (A-Z)
bhenderson79
Rickey Henderson's Hall of Fame Teammates
pecheneg
Champions League XIs: Arsenal
pecheneg
Quick Pick: Celebrities in WWE's Hall of Fame
aduchscher
A-Z Keypad Blitz II
pecheneg
Multiple Oscar Actors
pecheneg
Mystery Phrase Blitz: Oscar 'Best Actors'
pecheneg
F. Scott Fitzgerald Novels
LTH
Trending Topics
NBA
Anime
Crossword
Kpop
Harry Potter
Marvel
Disney
WWE
Country
Soccer
Song
Pokémon
Puzzle
The Office
NFL
Your Account Isn't Verified!
In order to create a playlist on Sporcle, you need to verify the email address you used during registration. Go to your
Sporcle Settings
to finish the process.
Report this User
Report this user for behavior that violates our
Community Guidelines
.
Details:
Send Report
Go to the Sporcle.com Mobile Site →
Comments